| 000 | 00889nam0a22002891 4500 | ||
|---|---|---|---|
| 001 | rc\4921996 | ||
| 005 | 20250613041524.0 | ||
| 021 |
_aRU _b[60-28986] |
||
| 035 | _a(NLR Aleph) 008941566 | ||
| 090 |
_a8949050 _c8949050 |
||
| 100 | _a20130426d1960 |||y0rusy50 ca | ||
| 101 | 0 | _arus | |
| 102 | _aRU | ||
| 105 | _aa z ||||| | ||
| 200 | 1 |
_aЛазоревые звезды _f[Ил.: Г. Лецко] |
|
| 210 |
_aСталино _cКн. изд-во _d1960 |
||
| 215 |
_a18 с. _cил. _d21 |
||
| 225 | 1 |
_aРассказ-газета _v6 |
|
| 606 |
_aКаменщики в СССР (х. л.) _2psbo |
||
| 606 |
_aЭлектросварщики в СССР (х. л.) _2psbo |
||
| 700 | 1 |
_aЧебалин _bП.Л. _gПетр Львович |
|
| 702 | 1 |
_aЛецко _bГ. _4440 |
|
| 801 | 0 |
_aRU _bNLR _gpsbo |
|
| 801 | 1 |
_aRU _bELAR _2rusmarc |
|
| 852 |
_aNLR _j60-4/5703 |
||
| 942 | _cBOOK | ||
| 980 | _aNB | ||